|
|
|
|
| LEADER |
02008cam a2200397 a 4500 |
| 001 |
c000227420 |
| 003 |
CARM |
| 005 |
20061207103258.0 |
| 008 |
861222s1986 enka b 100 0 eng |
| 015 |
|
|
|a GB8755402
|2 bnb
|
| 019 |
1 |
|
|a 4978342
|5 LACONCORD2021
|
| 020 |
|
|
|a 0852963319 (pbk.)
|
| 035 |
|
|
|a (OCoLC)15163847
|5 LACONCORD2021
|
| 040 |
|
|
|a LC
|b eng
|c LC
|d VIT
|
| 050 |
0 |
0 |
|a TK1005
|b .I546 1986
|
| 050 |
1 |
4 |
|a TK1.I57
|b no.266 1986
|
| 082 |
0 |
4 |
|a 621.31/7
|2 19
|
| 082 |
0 |
4 |
|a 621.31/7
|
| 111 |
2 |
|
|a International Conference on Power System Monitoring and Control
|n (2nd :
|d 1986 :
|c University of Durham)
|
| 245 |
1 |
0 |
|a Second International Conference on Power System Monitoring and Control :
|b 8-11 July 1986, University of Durham, UK /
|c organised by the Power Division and the Computing and Control Division of the Institution of Electrical Engineers, in association with the British Computer Society ... [et al.], and with the support of the Convention of National Societies of Electrical Engineers of Western Europe (EUREL).
|
| 246 |
3 |
|
|a Power system monitoring and control
|
| 260 |
|
|
|a London :
|b Institute of Electrical Engineers,
|c c1986.
|
| 300 |
|
|
|a xii, 405 p. :
|b ill. ;
|c 30 cm.
|
| 490 |
1 |
|
|a Conference publication,
|x 0537-9989 ;
|v no. 266
|
| 500 |
|
|
|a Spine title: Power system monitoring and control.
|
| 504 |
|
|
|a Includes bibliographies.
|
| 650 |
|
0 |
|a Electric power systems
|x Control
|v Congresses.
|
| 653 |
|
|
|a Electricity supply systems
|a Control
|
| 710 |
2 |
|
|a Institution of Electrical Engineers.
|b Computing & Control Division
|
| 710 |
2 |
|
|a British Computer Society
|
| 710 |
2 |
|
|a Institution of Electrical Engineers.
|b Power Division
|
| 740 |
0 |
|
|a Power system monitoring and control.
|
| 830 |
|
0 |
|a IEE conference publication ;
|v no. 266.
|
| 852 |
8 |
|
|b CARM
|h A2:AH14H0
|i F01275
|p 0340082
|f BK
|
| 999 |
f |
f |
|i e012a827-326e-5c18-883e-79b06f6a13f8
|s f9302e6f-0991-5866-aecc-c2aea126da37
|
| 952 |
f |
f |
|p Can circulate
|a CAVAL
|b CAVAL
|c CAVAL
|d CARM 1 Store
|e F01275
|f A2:AH14H0
|h Other scheme
|i book
|m 0340082
|